Entry Personal Name
Number of records used in: 2
001 - CONTROL NUMBER
003 - CONTROL NUMBER IDENTIFIER
005 - DATE AND TIME OF LATEST TRANSACTION
- control field:
20210702135319.0
008 - FIXED-LENGTH DATA ELEMENTS
- fixed length control field:
790906n| acannaabn |a aaa
010 ## - LIBRARY OF CONGRESS CONTROL NUMBER
- LC control number:
n 79077360
035 ## - SYSTEM CONTROL NUMBER
- System control number:
(OCoLC)oca00310025
040 ## - CATALOGING SOURCE
- Original cataloging agency:
DLC
- Language of cataloging:
eng
- Transcribing agency:
DLC
- Modifying agency:
DLC
- Modifying agency:
TxHU
- Modifying agency:
DLC
100 1# - HEADING--PERSONAL NAME
- Personal name:
Marsden, Jerrold E.
400 1# - SEE FROM TRACING--PERSONAL NAME
- Personal name:
Marsden, Jerry
400 1# - SEE FROM TRACING--PERSONAL NAME
- Personal name:
Marsden, J.
- Fuller form of name:
(Jerrold)
400 1# - SEE FROM TRACING--PERSONAL NAME
- Personal name:
Marsden, J. E.
- Fuller form of name:
(Jerrold E.)
400 1# - SEE FROM TRACING--PERSONAL NAME
- Personal name:
Marsden, Dzh.
670 ## - SOURCE DATA FOUND
- Source citation:
Abraham, R. Foundations of mechanics, 1967.
670 ## - SOURCE DATA FOUND
- Source citation:
His Basic complex analysis, c1987:
- Information found:
CIP t.p. (Jerrold Marsden, U. of Calif.)
670 ## - SOURCE DATA FOUND
- Source citation:
Biog. resource center, Sept. 3, 2008
- Information found:
(Marsden, Jerrold Eldon; b. Aug. 17, 1942, Ocean Falls, B.C.; Princeton Univ, Ph. D. (math), 1968; prof. emer., math, University of California, Berkeley, as of 2004)
670 ## - SOURCE DATA FOUND
- Source citation:
Bifurkat︠s︡ii︠a︡ rozhdenii︠a︡ t︠s︡ikla i ee prilozhenii︠a︡, 1980:
- Information found:
t.p. (Dzh. Marsden)
670 ## - SOURCE DATA FOUND
- Source citation:
Los Angeles times WWW site, Oct. 13, 2010
- Information found:
(Jerrold Marsden; b. Aug. 17, 1942, British Columbia; d. Sept. 21 [2010], Pasadena [Calif.], at 68; Carl F. Braun professor of Engineering, Control and Dynamical Systems and Applied and Computational Mathematics at Caltech; went there in 1992 from the faculty at UC Berkeley)